| 000 | 00431nam a2200157Ia 4500 | ||
|---|---|---|---|
| 008 | 241014s9999||||xx |||||||||||||| ||und|| | ||
| 020 | _a0-7817-2316-7 | ||
| 060 | _aQV 39 C 2002 | ||
| 100 | _aJohn E. Conte | ||
| 245 | 0 | _aManual of Antibiotics and Infection Diseases: Treatment and Prevention. | |
| 250 | _a9th | ||
| 260 |
_bLippincott Williams and Wilkins _c2002 |
||
| 300 | _a755 | ||
| 650 | _aPharmacology | ||
| 942 |
_bDIMC _cBK |
||
| 999 |
_c9637 _d9637 |
||